000
00334nam a2200133 a 4500
001
4144
005
20140414131908.0
008
090317s19uu xx 00 eng d
050
_a
ER
_b
N66 1998
100
_a
Brill, Marlene Targ
245
_a
Noah's ark.
260
_a
Illinois :
_b
Publications International,
_c
1998.
999
_c
111059
_d
111059